[Event "EU YCH Team U18 boys"]
[Site "Thessaloniki"]
[Date "2022.07.18"]
[Round "7.4"]
[White "Seemann, Jakub"]
[Black "Vagman, Roy"]
[Result "0-1"]
[WhiteElo "2382"]
[BlackElo "2180"]
[PlyCount "134"]
[EventDate "2022.07.12"]
[EventType "swiss"]
[EventRounds "7"]
[EventCountry "GRE"]
[SourceTitle "Youth Database"]
[Source "CBase R.Goldau"]
[SourceDate "2000.03.01"]
[SourceVersion "1"]
[SourceVersionDate "2022.07.18"]
[SourceQuality "1"]
[WhiteTeam "Polen"]
[BlackTeam "Israel"]
[WhiteTeamCountry "POL"]
[BlackTeamCountry "ISR"]

1. d4 d5 2. Nf3 Nf6 3. g3 e6 4. Bg2 Be7 5. O-O b5 6. a4 b4 7. c4 bxc3 8. Nxc3
O-O 9. Bf4 Na6 10. Ne5 Bb7 11. Qc2 Nb4 12. Qd2 a5 13. Rac1 Rc8 14. Bg5 h6 15.
Be3 Nd7 16. Nxd7 Qxd7 17. Rfd1 Ba6 18. b3 Rfd8 19. Na2 Rb8 20. Bf4 Rb7 21. Nxb4
Bxb4 22. Qc2 Ba3 23. Ra1 Bd6 24. Rdc1 Rdb8 25. Rab1 Bxf4 26. gxf4 Qd6 27. f5
exf5 28. Qxf5 c6 29. Rc3 Re7 30. Rbc1 Bc8 31. Qc2 Bd7 32. Rc5 Qf6 33. e3 Qg5
34. Kh1 Re6 35. Rc3 Rg6 36. f4 Qh5 37. Qf2 Re8 38. Bf3 Bg4 39. Bxg4 Qxg4 40.
Rg1 Qf5 41. Rxg6 Qxg6 42. h3 Qb1+ 43. Kh2 Re6 44. Qc2 Qxc2+ 45. Rxc2 Rxe3 46.
Rxc6 Rxb3 47. Rc5 Rb4 48. Rxa5 Rxd4 49. f5 Kf8 50. Kg3 Ke7 51. Ra6 Rb4 52. Kf3
Rb3+ 53. Kf4 f6 54. a5 Rxh3 55. Rb6 Rh4+ 56. Kf3 Ra4 57. a6 Kf7 58. Rd6 Kg8 59.
Rxd5 Rxa6 60. Rd1 Ra3+ 61. Kg4 Kh7 62. Rh1 Ra4+ 63. Kf3 Kg8 64. Kg3 Kf7 65. Rh2
Ra1 66. Rb2 Rg1+ 67. Kf4 Kg8 0-1

[Event "EU YCH Team U18 boys"]
[Site "Thessaloniki"]
[Date "2022.07.18"]
[Round "7.1"]
[White "Borhy, Marcell"]
[Black "Milikow, Yoav"]
[Result "1-0"]
[WhiteElo "2411"]
[BlackElo "2452"]
[PlyCount "53"]
[EventDate "2022.07.12"]
[EventType "swiss"]
[EventRounds "7"]
[EventCountry "GRE"]
[SourceTitle "Youth Database"]
[Source "CBase R.Goldau"]
[SourceDate "2000.03.01"]
[SourceVersion "1"]
[SourceVersionDate "2022.07.18"]
[SourceQuality "1"]
[WhiteTeam "Ungarn"]
[BlackTeam "Israel"]
[WhiteTeamCountry "HUN"]
[BlackTeamCountry "ISR"]

1. c4 e5 2. g3 c6 3. Nf3 e4 4. Nd4 d5 5. cxd5 Qxd5 6. Nc2 Nf6 7. Nc3 Qe5 8. Bg2
Be7 9. d3 exd3 10. Qxd3 O-O 11. Qe3 Qc7 12. O-O Bf5 13. Nd4 Bg6 14. Rd1 Na6 15.
f3 Rad8 16. Qf2 Bc5 17. e4 Nd7 18. Bf4 Ne5 19. Na4 Bd6 20. Bf1 Qa5 21. Nc3 Bc7
22. Be3 Bb6 23. a3 Qc5 24. Be2 Nc4 25. b4 Nxb4 26. Na4 Nxe3 27. Nxc5 1-0

[Event "EU YCH Team U18 boys"]
[Site "Thessaloniki"]
[Date "2022.07.18"]
[Round "7.2"]
[White "Rozen, Eytan"]
[Black "Juhasz, Agoston"]
[Result "1-0"]
[WhiteElo "2465"]
[BlackElo "2344"]
[PlyCount "55"]
[EventDate "2022.07.12"]
[EventType "swiss"]
[EventRounds "7"]
[EventCountry "GRE"]
[SourceTitle "Youth Database"]
[Source "CBase R.Goldau"]
[SourceDate "2000.03.01"]
[SourceVersion "1"]
[SourceVersionDate "2022.07.18"]
[SourceQuality "1"]
[WhiteTeam "Israel"]
[BlackTeam "Ungarn"]
[WhiteTeamCountry "ISR"]
[BlackTeamCountry "HUN"]

1. c4 g6 2. Nc3 c5 3. g3 Bg7 4. Bg2 Nc6 5. d3 d6 6. Qd2 e6 7. e3 Nge7 8. Nge2
O-O 9. O-O a6 10. b3 b5 11. Bb2 Rb8 12. Rac1 h6 13. Rfd1 Qd7 14. Ne4 f5 15.
Bxg7 Kxg7 16. N4c3 e5 17. Nd5 Nxd5 18. cxd5 Ne7 19. f4 Bb7 20. e4 Rbc8 21. Qb2
Qc7 22. fxe5 dxe5 23. d4 fxe4 24. d6 Qxd6 25. dxe5 Qb8 26. Nf4 Kg8 27. Rd7 Rfe8
28. e6 1-0

[Event "EU YCH Team U18 boys"]
[Site "Thessaloniki"]
[Date "2022.07.18"]
[Round "7.3"]
[White "Palczert, Matyas"]
[Black "Ben Ari, Yannay"]
[Result "0-1"]
[WhiteElo "2321"]
[BlackElo "2411"]
[PlyCount "63"]
[EventDate "2022.07.12"]
[EventType "swiss"]
[EventRounds "7"]
[EventCountry "GRE"]
[SourceTitle "Youth Database"]
[Source "CBase R.Goldau"]
[SourceDate "2000.03.01"]
[SourceVersion "1"]
[SourceVersionDate "2022.07.18"]
[SourceQuality "1"]
[WhiteTeam "Ungarn"]
[BlackTeam "Israel"]
[WhiteTeamCountry "HUN"]
[BlackTeamCountry "ISR"]

1. e4 c5 2. Nf3 Nc6 3. d4 cxd4 4. Nxd4 e5 5. Nb5 d6 6. N5c3 Nf6 7. Na3 Be6 8.
Bg5 Be7 9. Nc4 O-O 10. Bxf6 Bxf6 11. Qxd6 Qc8 12. Qd2 Rd8 13. Nd5 Bxd5 14. exd5
Ne7 15. Ne3 Bg5 16. c4 Nf5 17. Rc1 e4 18. Be2 Nxe3 19. fxe3 Qc5 20. Rc3 Rd6 21.
O-O Rb6 22. Kh1 a5 23. Rd1 Rd8 24. b3 Rh6 25. Bg4 b6 26. Bh3 Rf6 27. Qd4 Qxd4
28. exd4 Rf2 29. c5 e3 30. Re1 bxc5 31. Rxc5 e2 32. d6 0-1

[Event "EU YCH Team U18 boys"]
[Site "Thessaloniki"]
[Date "2022.07.18"]
[Round "7.4"]
[White "Milikow, Elie"]
[Black "Pasztor, Balazs"]
[Result "1-0"]
[WhiteElo "2433"]
[BlackElo "2336"]
[PlyCount "95"]
[EventDate "2022.07.12"]
[EventType "swiss"]
[EventRounds "7"]
[EventCountry "GRE"]
[SourceTitle "Youth Database"]
[Source "CBase R.Goldau"]
[SourceDate "2000.03.01"]
[SourceVersion "1"]
[SourceVersionDate "2022.07.18"]
[SourceQuality "1"]
[WhiteTeam "Israel"]
[BlackTeam "Ungarn"]
[WhiteTeamCountry "ISR"]
[BlackTeamCountry "HUN"]

1. e4 c5 2. Nf3 d6 3. d4 cxd4 4. Nxd4 Nf6 5. Nc3 a6 6. f3 e5 7. Nb3 Be6 8. Nd5
Bxd5 9. exd5 Nbd7 10. Be3 h5 11. Be2 g6 12. Qd2 Bg7 13. O-O b6 14. a4 a5 15.
Bb5 O-O 16. Rad1 Nc5 17. Qf2 Nfd7 18. Nd2 Qc7 19. c3 f5 20. Nc4 f4 21. Bxc5
Nxc5 22. Bc6 Nxa4 23. Na3 Nc5 24. Nb5 Qe7 25. b4 Nb7 26. Qxb6 Rfb8 27. Bxb7
Rxb7 28. Qxd6 axb4 29. Qxe7 Rxe7 30. d6 Rb7 31. Nc7 Rc8 32. c4 Rbxc7 33. dxc7
Rxc7 34. Rd8+ Kf7 35. Rc1 Bf8 36. Kf1 b3 37. Rb8 b2 38. Rc3 Bc5 39. Rcb3 Rc6
40. Rxb2 Bd4 41. Rc2 Ra6 42. Ke2 Ke6 43. c5 Kd7 44. c6+ Rxc6 45. Rb7+ Kd6 46.
Rxc6+ Kxc6 47. Rg7 Kd5 48. Rxg6 1-0

[Event "EU YCH Team U18 boys"]
[Site "Thessaloniki"]
[Date "2022.07.18"]
[Round "7.1"]
[White "Filip, Andrei"]
[Black "Subelj, Jan"]
[Result "0-1"]
[WhiteElo "2344"]
[BlackElo "2498"]
[PlyCount "86"]
[EventDate "2022.07.12"]
[EventType "swiss"]
[EventRounds "7"]
[EventCountry "GRE"]
[SourceTitle "Youth Database"]
[Source "CBase R.Goldau"]
[SourceDate "2000.03.01"]
[SourceVersion "1"]
[SourceVersionDate "2022.07.18"]
[SourceQuality "1"]
[WhiteTeam "Rumänien"]
[BlackTeam "Slowenien"]
[WhiteTeamCountry "ROU"]
[BlackTeamCountry "SLO"]

1. e4 g6 2. d4 Bg7 3. Nf3 d6 4. c4 Bg4 5. Be2 Bxf3 6. Bxf3 Nc6 7. Be3 e5 8. d5
Nd4 9. Nc3 c5 10. dxc6 bxc6 11. O-O Ne7 12. c5 O-O 13. cxd6 Qxd6 14. Be2 c5 15.
Bc4 Kh8 16. Rc1 f5 17. f3 Rab8 18. b3 f4 19. Bf2 g5 20. Nd5 Nec6 21. Be2 Rg8
22. Qd3 Bf8 23. Qa6 Qd8 24. h3 Rg6 25. Qc4 h5 26. Bd1 Rb7 27. Rc3 Qa5 28. a4
Qd8 29. Qd3 Rh7 30. Qc4 Qd7 31. Re1 a5 32. Rd3 Qg7 33. Rc3 Qh6 34. Kf1 g4 35.
fxg4 hxg4 36. Bxg4 Rxg4 37. hxg4 Qh1+ 38. Bg1 f3 39. Ne3 Bh6 40. Kf2 Bf4 41.
Rc2 Nxc2 42. Qe6 Qh4+ 43. Kxf3 N6d4# 0-1

[Event "EU YCH Team U18 boys"]
[Site "Thessaloniki"]
[Date "2022.07.18"]
[Round "7.2"]
[White "Marn, Jan"]
[Black "Stepanencu, Nicodim-Cosmin"]
[Result "1-0"]
[WhiteElo "2282"]
[BlackElo "2277"]
[PlyCount "73"]
[EventDate "2022.07.12"]
[EventType "swiss"]
[EventRounds "7"]
[EventCountry "GRE"]
[SourceTitle "Youth Database"]
[Source "CBase R.Goldau"]
[SourceDate "2000.03.01"]
[SourceVersion "1"]
[SourceVersionDate "2022.07.18"]
[SourceQuality "1"]
[WhiteTeam "Slowenien"]
[BlackTeam "Rumänien"]
[WhiteTeamCountry "SLO"]
[BlackTeamCountry "ROU"]

1. d4 Nf6 2. c4 e6 3. g3 d5 4. Nf3 dxc4 5. Bg2 c5 6. O-O Nc6 7. dxc5 Qxd1 8.
Rxd1 Bxc5 9. Nbd2 c3 10. bxc3 O-O 11. Nb3 Be7 12. c4 Bd7 13. Nfd4 Rac8 14. Nb5
Nb4 15. Bg5 Bxb5 16. cxb5 h6 17. Bd2 Nc2 18. Rac1 Nd5 19. Bxd5 exd5 20. Bf4 Ba3
21. Rb1 Rfe8 22. Kf1 g5 23. Bc1 Re5 24. Bb2 Bxb2 25. Rxb2 d4 26. Rc1 Ne3+ 27.
fxe3 Rxc1+ 28. Nxc1 dxe3 29. Nd3 Rf5+ 30. Kg2 Kg7 31. Rb4 a5 32. bxa6 bxa6 33.
Ra4 Rf6 34. Re4 Rc6 35. Kf3 f5 36. Re5 Rc2 37. Ra5 1-0

[Event "EU YCH Team U18 boys"]
[Site "Thessaloniki"]
[Date "2022.07.18"]
[Round "7.3"]
[White "Antonica, Dragos-Andrei"]
[Black "Nareks, Matic"]
[Result "0-1"]
[WhiteElo "2355"]
[BlackElo "2221"]
[PlyCount "44"]
[EventDate "2022.07.12"]
[EventType "swiss"]
[EventRounds "7"]
[EventCountry "GRE"]
[SourceTitle "Youth Database"]
[Source "CBase R.Goldau"]
[SourceDate "2000.03.01"]
[SourceVersion "1"]
[SourceVersionDate "2022.07.18"]
[SourceQuality "1"]
[WhiteTeam "Rumänien"]
[BlackTeam "Slowenien"]
[WhiteTeamCountry "ROU"]
[BlackTeamCountry "SLO"]

1. b3 e5 2. Bb2 Nc6 3. c4 Nf6 4. e3 d5 5. cxd5 Nxd5 6. a3 Bd6 7. Qc2 O-O 8. Nf3
Qe7 9. d3 f5 10. Nbd2 Kh8 11. b4 Bd7 12. g3 Rae8 13. e4 fxe4 14. dxe4 Nd4 15.
Nxd4 exd4 16. Bd3 Bh3 17. Bxd4 Be5 18. Qb2 Bxd4 19. Qxd4 Rd8 20. Bf1 Nxb4 21.
Qxb4 Qf6 22. Bxh3 c5 0-1

[Event "EU YCH Team U18 boys"]
[Site "Thessaloniki"]
[Date "2022.07.18"]
[Round "7.4"]
[White "Lavrencic, Matic"]
[Black "Antal, Hunor-Zoltan"]
[Result "1/2-1/2"]
[WhiteElo "2151"]
[BlackElo "2263"]
[PlyCount "71"]
[EventDate "2022.07.12"]
[EventType "swiss"]
[EventRounds "7"]
[EventCountry "GRE"]
[SourceTitle "Youth Database"]
[Source "CBase R.Goldau"]
[SourceDate "2000.03.01"]
[SourceVersion "1"]
[SourceVersionDate "2022.07.18"]
[SourceQuality "1"]
[WhiteTeam "Slowenien"]
[BlackTeam "Rumänien"]
[WhiteTeamCountry "SLO"]
[BlackTeamCountry "ROU"]

1. e4 c5 2. Nf3 d6 3. d4 cxd4 4. Nxd4 Nf6 5. Nc3 Nc6 6. Bg5 g6 7. Bxf6 exf6 8.
Bb5 Bd7 9. Qd2 a6 10. Ba4 Bg7 11. Nxc6 Bxc6 12. O-O-O Bxa4 13. Nxa4 O-O 14. Nc3
Qa5 15. Kb1 f5 16. exf5 Bxc3 17. Qxc3 Qxf5 18. Qd2 Rac8 19. Rhe1 Rc6 20. Re2
Rfc8 21. Qd3 Qf6 22. Qd4 Qf5 23. Rde1 Rf8 24. a3 b5 25. f3 Qc5 26. Rd1 Rfc8 27.
c3 Qxd4 28. Rxd4 Kf8 29. Kc2 Re8 30. Rxe8+ Kxe8 31. Kd3 Kd7 32. Rf4 Ke7 33.
Re4+ Kd7 34. Rf4 Ke6 35. Re4+ Kd7 36. Rf4 1/2-1/2

[Event "EU YCH Team U18 boys"]
[Site "Thessaloniki"]
[Date "2022.07.18"]
[Round "7.1"]
[White "Trost, Edvin"]
[Black "Bilych, Olexiy"]
[Result "1/2-1/2"]
[WhiteElo "2345"]
[BlackElo "2365"]
[PlyCount "158"]
[EventDate "2022.07.12"]
[EventType "swiss"]
[EventRounds "7"]
[EventCountry "GRE"]
[SourceTitle "Youth Database"]
[Source "CBase R.Goldau"]
[SourceDate "2000.03.01"]
[SourceVersion "1"]
[SourceVersionDate "2022.07.18"]
[SourceQuality "1"]
[WhiteTeam "Schweden"]
[BlackTeam "Ukraine"]
[WhiteTeamCountry "SWE"]
[BlackTeamCountry "UKR"]

1. d4 Nf6 2. c4 e6 3. Nf3 d5 4. g3 Bb4+ 5. Bd2 a5 6. Bg2 dxc4 7. Qc2 Bxd2+ 8.
Qxd2 b5 9. a4 c6 10. axb5 cxb5 11. Qg5 O-O 12. Qxb5 Ba6 13. Qxa5 Qxa5+ 14. Rxa5
Nc6 15. Ra3 Nd5 16. O-O Rfb8 17. Nbd2 Rxb2 18. Nxc4 Rbb8 19. Rfa1 Ncb4 20. Ne1
Bb7 21. Rxa8 Bxa8 22. Rb1 Nc3 23. Rb2 Bxg2 24. Kxg2 Nc6 25. Rc2 Nd5 26. Nf3
Nde7 27. e3 f6 28. Nd6 Rd8 29. Nb7 Rb8 30. Nc5 Kf7 31. Nd2 e5 32. dxe5 Nxe5 33.
Nde4 g5 34. Ra2 g4 35. Ra6 Ng8 36. Ra7+ Kg6 37. Nd7 Nxd7 38. Rxd7 h5 39. Nc5
Rb6 40. Nd3 f5 41. Nf4+ Kh6 42. Rd5 Rf6 43. Re5 Kg5 44. e4 Nh6 45. Re7 fxe4 46.
Rg7+ Kf5 47. Rd7 Kg5 48. Re7 Rxf4 49. gxf4+ Kxf4 50. Rh7 Kg5 51. Re7 Kf4 52.
Rh7 Kg5 53. Rg7+ Kf4 54. Ra7 Nf5 55. Ra5 h4 56. h3 gxh3+ 57. Kxh3 e3 58. fxe3+
Nxe3 59. Kxh4 Nf5+ 60. Kh3 Ne3 61. Ra4+ Kf3 62. Kh4 Ng2+ 63. Kg5 Ne3 64. Kf6
Ng4+ 65. Kf5 Ne3+ 66. Ke5 Ng4+ 67. Kd4 Kf4 68. Ra1 Kf3 69. Ra8 Nf2 70. Rf8+ Kg3
71. Ke3 Ng4+ 72. Ke2 Nh2 73. Rg8+ Kf4 74. Rh8 Ng4 75. Rh4 Kg3 76. Rh1 Kf4 77.
Rf1+ Ke4 78. Rg1 Kf4 79. Rxg4+ Kxg4 1/2-1/2

[Event "EU YCH Team U18 boys"]
[Site "Thessaloniki"]
[Date "2022.07.18"]
[Round "7.2"]
[White "Prokofiev, Valentyn"]
[Black "Olsson, William"]
[Result "0-1"]
[WhiteElo "2286"]
[BlackElo "2284"]
[PlyCount "64"]
[EventDate "2022.07.12"]
[EventType "swiss"]
[EventRounds "7"]
[EventCountry "GRE"]
[SourceTitle "Youth Database"]
[Source "CBase R.Goldau"]
[SourceDate "2000.03.01"]
[SourceVersion "1"]
[SourceVersionDate "2022.07.18"]
[SourceQuality "1"]
[WhiteTeam "Ukraine"]
[BlackTeam "Schweden"]
[WhiteTeamCountry "UKR"]
[BlackTeamCountry "SWE"]

1. d4 d5 2. c4 c6 3. cxd5 cxd5 4. Bf4 Nc6 5. Nc3 Nf6 6. e3 a6 7. Bd3 e6 8. Nf3
Be7 9. O-O Nh5 10. Be5 Nxe5 11. Nxe5 Nf6 12. f4 g6 13. g4 Nd7 14. Rc1 O-O 15.
Qc2 Nxe5 16. dxe5 Bc5 17. Rf3 Bb6 18. Rcf1 Bd7 19. Qf2 Bc6 20. Ne2 d4 21. e4
Bxe4 22. f5 exf5 23. gxf5 Bxf3 24. f6 Bc6 25. Qh4 Qd5 26. Kf2 Qxe5 27. Ke1 Ba5+
28. Kd1 Qe3 29. Kc2 Qd2+ 30. Kb1 Qxd3+ 31. Ka1 Qxe2 32. Rb1 Bd2 0-1

[Event "EU YCH Team U18 boys"]
[Site "Thessaloniki"]
[Date "2022.07.18"]
[Round "7.3"]
[White "Wernberg, Hugo"]
[Black "Hulka, Valentyn"]
[Result "0-1"]
[WhiteElo "2316"]
[BlackElo "2123"]
[PlyCount "184"]
[EventDate "2022.07.12"]
[EventType "swiss"]
[EventRounds "7"]
[EventCountry "GRE"]
[SourceTitle "Youth Database"]
[Source "CBase R.Goldau"]
[SourceDate "2000.03.01"]
[SourceVersion "1"]
[SourceVersionDate "2022.07.18"]
[SourceQuality "1"]
[WhiteTeam "Schweden"]
[BlackTeam "Ukraine"]
[WhiteTeamCountry "SWE"]
[BlackTeamCountry "UKR"]

1. c4 e5 2. Nc3 Nf6 3. Nf3 Nc6 4. e4 Bb4 5. d3 d6 6. h3 O-O 7. g3 a6 8. Bg2 h6
9. O-O Rb8 10. Nd2 b5 11. f4 Nd4 12. Kh2 c6 13. Nf3 Bc5 14. Nxd4 Bxd4 15. Ne2
Bc5 16. d4 exd4 17. Nxd4 Qb6 18. Nb3 bxc4 19. Nxc5 Qxc5 20. b4 Qxb4 21. a4 Rd8
22. Ba3 Qb6 23. Bxd6 Ne8 24. e5 Nxd6 25. exd6 c5 26. Qc2 Qb2 27. Ra2 Qxc2 28.
Rxc2 Rxd6 29. Rxc4 Rb2 30. Kg1 Rdd2 31. Be4 Bxh3 32. Rxc5 g6 33. Re1 Bg2 34.
Bxg2 Rxg2+ 35. Kh1 Rxg3 36. f5 Rg5 37. Rc8+ Kg7 38. fxg6 Rb4 39. Re2 Rxg6 40.
a5 Rb5 41. Rc3 Rh5+ 42. Rh2 Rxa5 43. Rc1 Rgg5 44. Rb2 Rg4 45. Rh2 Ra3 46. Rh5
a5 47. Rc6 Raa4 48. Rcxh6 Rg6 49. Rh7+ Kf6 50. Rb5 Ra1+ 51. Kh2 Ke6 52. Rb6+
Kd5 53. Rb7 Rf6 54. Ra7 Kc5 55. Kg2 Kb6 56. Ra8 Kb7 57. Rhh8 Rb6 58. Rab8+ Ka6
59. Ra8+ Kb5 60. Rh5+ Kb4 61. Rh4+ Kb3 62. Rh3+ Kb2 63. Rf3 Rc6 64. Rb8+ Kc2
65. Rf2+ Kc3 66. Rf3+ Kc4 67. Rf4+ Kd5 68. Ra8 Ke6 69. Re8+ Kd7 70. Ra8 f6 71.
Ra7+ Ke6 72. Re4+ Kf5 73. Re2 a4 74. Rf2+ Kg6 75. Rf3 Rc5 76. Ra8 Ra2+ 77. Kg3
Rb5 78. Rf4 Rb3+ 79. Rf3 Rxf3+ 80. Kxf3 a3 81. Ra5 Ra1 82. Kg3 Kf7 83. Ra6 Ke7
84. Kf3 Kd7 85. Kg2 f5 86. Ra5 Ke6 87. Kf3 a2 88. Kg2 f4 89. Ra6+ Kd5 90. Ra5+
Kc6 91. Ra6+ Kb5 92. Ra8 f3+ 0-1

[Event "EU YCH Team U18 boys"]
[Site "Thessaloniki"]
[Date "2022.07.18"]
[Round "7.4"]
[White "Podolskyi, Mykhailo"]
[Black "Soderstrom, Adrian"]
[Result "0-1"]
[WhiteElo "2025"]
[BlackElo "2292"]
[PlyCount "98"]
[EventDate "2022.07.12"]
[EventType "swiss"]
[EventRounds "7"]
[EventCountry "GRE"]
[SourceTitle "Youth Database"]
[Source "CBase R.Goldau"]
[SourceDate "2000.03.01"]
[SourceVersion "1"]
[SourceVersionDate "2022.07.18"]
[SourceQuality "1"]
[WhiteTeam "Ukraine"]
[BlackTeam "Schweden"]
[WhiteTeamCountry "UKR"]
[BlackTeamCountry "SWE"]

1. d4 d5 2. c4 e6 3. Nc3 c6 4. e3 Nf6 5. Nf3 Nbd7 6. Qc2 Bd6 7. Bd3 O-O 8. O-O
dxc4 9. Bxc4 b5 10. Bd3 Bb7 11. a4 b4 12. Ne4 Nxe4 13. Bxe4 f5 14. Bd3 c5 15.
Be2 Rc8 16. Qd1 c4 17. a5 Bd5 18. Qa4 Rf6 19. g3 Qe8 20. Ne5 Nxe5 21. dxe5 Bxe5
22. Qxb4 c3 23. Qa3 Rf7 24. b4 Bd6 25. Qa4 Qxa4 26. Rxa4 Bc4 27. Bxc4 Rxc4 28.
Rd1 Bf8 29. a6 Rfc7 30. Rd8 Kf7 31. Rb8 Bd6 32. Kf1 e5 33. Ke2 Ke6 34. Kd3 c2
35. Rb7 e4+ 36. Kd2 Kd7 37. Rb5 g6 38. Rb8 Be5 39. Rb7 Bc3+ 40. Ke2 Rxb7 41.
axb7 Kc7 42. Rxa7 Kb8 43. Ra6 Kxb7 44. b5 Rc5 45. h4 Bb4 46. Ra2 Kb6 47. Ra1
Rd5 48. Ra4 Kxb5 49. Ra1 Rd1 0-1

[Event "EU YCH Team U18 boys"]
[Site "Thessaloniki"]
[Date "2022.07.18"]
[Round "7.1"]
[White "Morgunov, Marc"]
[Black "Herega, Nejc"]
[Result "1-0"]
[WhiteElo "2376"]
[BlackElo "2160"]
[PlyCount "67"]
[EventDate "2022.07.12"]
[EventType "swiss"]
[EventRounds "7"]
[EventCountry "GRE"]
[SourceTitle "Youth Database"]
[Source "CBase R.Goldau"]
[SourceDate "2000.03.01"]
[SourceVersion "1"]
[SourceVersionDate "2022.07.18"]
[SourceQuality "1"]
[WhiteTeam "Österreich"]
[BlackTeam "Slowenien"]
[WhiteTeamCountry "AUT"]
[BlackTeamCountry "SLO"]

1. e4 c5 2. Nf3 d6 3. d4 cxd4 4. Nxd4 Nf6 5. Nc3 a6 6. f4 e5 7. Nb3 Nbd7 8. g4
h6 9. g5 hxg5 10. fxg5 Nh5 11. Qf3 Nb6 12. Be3 Be6 13. O-O-O g6 14. Nc5 Be7 15.
Nxe6 fxe6 16. Qh3 Kf7 17. Qg4 Nf4 18. Bxf4 exf4 19. Qxf4+ Kg7 20. Kb1 Rc8 21.
e5 Rxc3 22. Qd4 d5 23. Qxc3 Na4 24. Qd4 Qa5 25. Bd3 Bc5 26. Qg4 Re8 27. Rhf1
Nc3+ 28. bxc3 Ba3 29. Qd4 Rh8 30. Rf6 Rh4 31. Rxg6+ Kf8 32. Qf2+ Ke8 33. Rg8+
Kd7 34. Qf7+ 1-0

[Event "EU YCH Team U18 boys"]
[Site "Thessaloniki"]
[Date "2022.07.18"]
[Round "7.2"]
[White "Olenik Campa, Rudi"]
[Black "Kristoferitsch, Daniel"]
[Result "0-1"]
[WhiteElo "2203"]
[BlackElo "2312"]
[PlyCount "94"]
[EventDate "2022.07.12"]
[EventType "swiss"]
[EventRounds "7"]
[EventCountry "GRE"]
[SourceTitle "Youth Database"]
[Source "CBase R.Goldau"]
[SourceDate "2000.03.01"]
[SourceVersion "1"]
[SourceVersionDate "2022.07.18"]
[SourceQuality "1"]
[WhiteTeam "Slowenien"]
[BlackTeam "Österreich"]
[WhiteTeamCountry "SLO"]
[BlackTeamCountry "AUT"]

1. e4 c5 2. Nf3 e6 3. c4 Nc6 4. Be2 g5 5. d3 h6 6. Nc3 Bg7 7. h4 g4 8. Nd2 h5
9. Nb3 b6 10. Bg5 Qc7 11. Qd2 a6 12. a4 Nge7 13. a5 bxa5 14. Bd1 d6 15. Ne2 Ng6
16. Be3 Bd7 17. Nxa5 Nxa5 18. Qxa5 Qxa5+ 19. Rxa5 Bxb2 20. Kd2 Bg7 21. Bc2 Kd8
22. Nf4 Ne7 23. Rb1 Kc7 24. Ra3 Ra7 25. Ke1 Be5 26. Ne2 Nc6 27. Bd2 Rha8 28.
Ba4 a5 29. Bxc6 Bxc6 30. Bc3 Bxc3+ 31. Nxc3 a4 32. Kd2 Rb7 33. Rxb7+ Kxb7 34.
Ke3 Kb6 35. d4 cxd4+ 36. Kxd4 e5+ 37. Kd3 Kc5 38. Ra2 Ra7 39. f3 gxf3 40. gxf3
a3 41. Rg2 Bd7 42. Na2 Be6 43. Rc2 Ra4 44. Nc3 Bxc4+ 45. Kd2 Ra8 46. Na2 Kd4
47. Ke1 Bxa2 0-1

[Event "EU YCH Team U18 boys"]
[Site "Thessaloniki"]
[Date "2022.07.18"]
[Round "7.3"]
[White "Borrmann, Laurenz"]
[Black "Gregoric, Andraz"]
[Result "1-0"]
[WhiteElo "2274"]
[BlackElo "2199"]
[PlyCount "151"]
[EventDate "2022.07.12"]
[EventType "swiss"]
[EventRounds "7"]
[EventCountry "GRE"]
[SourceTitle "Youth Database"]
[Source "CBase R.Goldau"]
[SourceDate "2000.03.01"]
[SourceVersion "1"]
[SourceVersionDate "2022.07.18"]
[SourceQuality "1"]
[WhiteTeam "Österreich"]
[BlackTeam "Slowenien"]
[WhiteTeamCountry "AUT"]
[BlackTeamCountry "SLO"]

1. e4 e5 2. Nf3 Nc6 3. Bc4 Bc5 4. d3 Nf6 5. a4 a5 6. O-O d6 7. h3 O-O 8. Bg5 h6
9. Be3 Ba7 10. Nbd2 Ne7 11. Bxa7 Rxa7 12. d4 Ng6 13. Re1 Qe7 14. Bf1 Rd8 15.
Nc4 Nh7 16. Qd2 Ng5 17. Nxg5 Qxg5 18. Rad1 Be6 19. dxe5 Bxc4 20. Bxc4 Nxe5 21.
Be2 Qxd2 22. Rxd2 g5 23. f3 Kf8 24. Kf2 Ke7 25. Rh1 Raa8 26. h4 Rh8 27. Rdd1
Ng6 28. hxg5 hxg5 29. Rxh8 Rxh8 30. Rd5 b6 31. Rxg5 Rh1 32. Bf1 Nf4 33. Rf5 Ne6
34. Rd5 Nf4 35. Rd1 Kf6 36. g3 Ne6 37. Kg2 Rh8 38. Bc4 Nc5 39. b3 Rh5 40. Rh1
Rxh1 41. Kxh1 Kg6 42. Kg2 f6 43. Bd5 Na6 44. c3 Nc5 45. Kf2 Nd3+ 46. Ke3 Ne5
47. f4 Nd7 48. Kd4 Nb8 49. b4 c6 50. Be6 Na6 51. Bc8 Nc7 52. e5 fxe5+ 53. fxe5
c5+ 54. bxc5 dxc5+ 55. Ke4 b5 56. axb5 Nxb5 57. Kd3 a4 58. Be6 a3 59. Kc2 Nc7
60. Bc4 Kf5 61. e6 Kf6 62. Kb3 Ne8 63. Kxa3 Nd6 64. Bd5 Nf5 65. Ka4 Ke7 66. Kb5
Nxg3 67. Kxc5 Nf5 68. c4 Nd6 69. Kc6 Ne8 70. c5 Kd8 71. Kb7 Ke7 72. c6 Kd6 73.
Ba2 Nc7 74. e7 Ne8 75. Bf7 Kxe7 76. Bxe8 1-0

[Event "EU YCH Team U18 boys"]
[Site "Thessaloniki"]
[Date "2022.07.18"]
[Round "7.4"]
[White "Skrbec, Leon"]
[Black "Marakovits, Nico"]
[Result "1/2-1/2"]
[WhiteElo "2103"]
[BlackElo "2259"]
[PlyCount "120"]
[EventDate "2022.07.12"]
[EventType "swiss"]
[EventRounds "7"]
[EventCountry "GRE"]
[SourceTitle "Youth Database"]
[Source "CBase R.Goldau"]
[SourceDate "2000.03.01"]
[SourceVersion "1"]
[SourceVersionDate "2022.07.18"]
[SourceQuality "1"]
[WhiteTeam "Slowenien"]
[BlackTeam "Österreich"]
[WhiteTeamCountry "SLO"]
[BlackTeamCountry "AUT"]

1. e4 c5 2. Nf3 Nc6 3. d4 cxd4 4. Nxd4 Nf6 5. Nc3 e5 6. Ndb5 d6 7. Bg5 a6 8.
Na3 b5 9. Nd5 Be7 10. Bxf6 Bxf6 11. c4 b4 12. Nc2 O-O 13. g3 a5 14. Bg2 Bg5 15.
O-O Ne7 16. Nde3 Bxe3 17. Nxe3 Be6 18. b3 Qc7 19. Qd2 Rfd8 20. f4 f6 21. f5 Bf7
22. g4 Nc6 23. Nc2 a4 24. h4 Qb6+ 25. Kh2 h6 26. g5 hxg5 27. hxg5 Kf8 28. g6
Bg8 29. Kg3 Qc5 30. Qd3 Ra6 31. Rad1 Ke7 32. Bf3 Rda8 33. Rf2 Nd8 34. Rfd2 Nb7
35. Rh1 axb3 36. axb3 Ra2 37. Ne3 Rxd2 38. Qxd2 Ra3 39. Rh8 Kf8 40. Ng4 Rxb3
41. Nxf6 Qg1+ 42. Kh4 Ke7 43. Nxg8+ Kd7 44. Bg4 Qg3+ 45. Kg5 Nc5 46. f6+ Kc7
47. Rh3 Nxe4+ 48. Kf5 Qxh3 49. Bxh3 Nxd2 50. Bg4 gxf6 51. Nxf6 Ra3 52. Ne8+ Kb6
53. g7 b3 54. g8=Q b2 55. Nxd6 b1=Q+ 56. Ke6 Ra6 57. Bf5 Qb4 58. Kd7 Ra7+ 59.
Ke6 Ra6 60. Kd7 Ra7+ 1/2-1/2